000 00617nam a2200181Ia 4500
008 151202s9999||||xx |||||||||||||| ||und||
082 _bPNVM-50764
100 _aक्षेत्रमाडे सुमती.
245 _aमेघमल्हार.
260 _b"मनोरंजन प्रकाशन,मुंबई."
260 _c50764
300 _a238
600 _aक्षेत्रमाडे सुमती.
630 _aमेघमल्हार.
700 _aक्षेत्रमाडे सुमती.
730 _aमेघमल्हार.
942 _cBOOK
999 _c1317305
_d1317302